000 00720cab a2200241 4500
001 WB3414-33
008 090401t1998 xxu||||| |||| 00| 0 eng d
035 _a(Sirsi) u85480
041 _aeng
245 _aLift poorer land returns
260 _c1998
350 _a0
490 _aFarmers' Weekly
_v128(14) 3 April 1998, 25(1)
520 _aPoorer land currently farmed under contract agreements may reap better returns set-aside or from a Countryside Stewardship Scheme. Graph.
650 _aCONTRACT AGREEMENTS
650 _aCOUNTRYSIDE STEWARDSHIP SCHEME
650 _aFARM INCOMES
650 _aFARMLAND
650 _aSET-ASIDE LAND
690 _aRURAL PRACTICE
942 _n0
948 _c07/04/1998
999 _c53747
_d53747